<?xml version="1.0" encoding="UTF-8"?>
<record
    xmlns:xsi="http://www.w3.org/2001/XMLSchema-instance"
    xsi:schemaLocation="http://www.loc.gov/MARC21/slim http://www.loc.gov/standards/marcxml/schema/MARC21slim.xsd"
    xmlns="http://www.loc.gov/MARC21/slim">

  <leader>01831nam0a2200349   4500</leader>
  <controlfield tag="001">RU\NLR\bibl\796049</controlfield>
  <controlfield tag="005">20260405213032.0</controlfield>
  <datafield tag="010" ind1=" " ind2=" ">
    <subfield code="a">5-93286-065-0</subfield>
    <subfield code="9">2000</subfield>
  </datafield>
  <datafield tag="021" ind1=" " ind2=" ">
    <subfield code="a">RU</subfield>
    <subfield code="b">2005-5092</subfield>
    <subfield code="9">255</subfield>
  </datafield>
  <datafield tag="035" ind1=" " ind2=" ">
    <subfield code="a">(NLR Aleph) 000785251</subfield>
  </datafield>
  <datafield tag="090" ind1=" " ind2=" ">
    <subfield code="a">1087432</subfield>
    <subfield code="c">1087432</subfield>
  </datafield>
  <datafield tag="100" ind1=" " ind2=" ">
    <subfield code="a">20050505d2005    |||y0rusy50      ca</subfield>
  </datafield>
  <datafield tag="101" ind1="1" ind2=" ">
    <subfield code="a">rus</subfield>
    <subfield code="c">eng</subfield>
  </datafield>
  <datafield tag="102" ind1=" " ind2=" ">
    <subfield code="a">RU</subfield>
  </datafield>
  <datafield tag="105" ind1=" " ind2=" ">
    <subfield code="a">a   |||||||||</subfield>
  </datafield>
  <datafield tag="200" ind1="1" ind2=" ">
    <subfield code="a">&#x41F;&#x440;&#x43E;&#x433;&#x440;&#x430;&#x43C;&#x43C;&#x438;&#x440;&#x443;&#x435;&#x43C; &#x43A;&#x43E;&#x43C;&#x430;&#x43D;&#x434;&#x43D;&#x44B;&#x439; &#x434;&#x443;&#x445;</subfield>
    <subfield code="e">&#x431;&#x430;&#x437;&#x43E;&#x432;&#x44B;&#x435; &#x43F;&#x440;&#x43E;&#x442;&#x43E;&#x43A;&#x43E;&#x43B;&#x44B;, &#x43F;&#x43E;&#x437;&#x432;&#x43E;&#x43B;&#x44F;&#x44E;&#x449;&#x438;&#x435; &#x441;&#x43E;&#x437;&#x434;&#x430;&#x432;&#x430;&#x442;&#x44C; &#x438; &#x43F;&#x43E;&#x434;&#x434;&#x435;&#x440;&#x436;&#x438;&#x432;&#x430;&#x442;&#x44C; &#x43E;&#x431;&#x449;&#x435;&#x435; &#x432;&#x438;&#x434;&#x435;&#x43D;&#x438;&#x435;</subfield>
    <subfield code="f">&#x414;&#x436;&#x438;&#x43C; &#x438; &#x41C;&#x438;&#x448;&#x435;&#x43B;&#x44C; &#x41C;&#x430;&#x43A;-&#x41A;&#x430;&#x440;&#x442;&#x438;</subfield>
    <subfield code="g">[&#x43F;&#x435;&#x440;. &#x441; &#x430;&#x43D;&#x433;&#x43B;. &#x42E;. &#x410;&#x441;&#x43E;&#x442;&#x43E;&#x432;&#x430;]</subfield>
  </datafield>
  <datafield tag="210" ind1=" " ind2=" ">
    <subfield code="a">&#x421;&#x430;&#x43D;&#x43A;&#x442;-&#x41F;&#x435;&#x442;&#x435;&#x440;&#x431;&#x443;&#x440;&#x433;</subfield>
    <subfield code="a">&#x41C;&#x43E;&#x441;&#x43A;&#x432;&#x430;</subfield>
    <subfield code="c">&#x421;&#x438;&#x43C;&#x432;&#x43E;&#x43B;</subfield>
    <subfield code="d">2005 (&#x43C;&#x430;&#x43A;&#x435;&#x442; 2004)</subfield>
  </datafield>
  <datafield tag="215" ind1=" " ind2=" ">
    <subfield code="a">415 &#x441;.</subfield>
    <subfield code="c">&#x438;&#x43B;.</subfield>
    <subfield code="d">22</subfield>
  </datafield>
  <datafield tag="225" ind1="1" ind2=" ">
    <subfield code="a">&#x41F;&#x440;&#x43E;&#x444;&#x435;&#x441;&#x441;&#x438;&#x43E;&#x43D;&#x430;&#x43B;&#x44C;&#x43D;&#x43E;</subfield>
  </datafield>
  <datafield tag="300" ind1=" " ind2=" ">
    <subfield code="a">&#x417;&#x430;&#x433;&#x43B;. &#x438; &#x430;&#x432;&#x442;. &#x43E;&#x440;&#x438;&#x433;.: Software fo Your head / Jim and Michele McCarthy</subfield>
  </datafield>
  <datafield tag="320" ind1=" " ind2=" ">
    <subfield code="a">&#x410;&#x43B;&#x444;. &#x443;&#x43A;&#x430;&#x437;.: &#x441;. 411-415</subfield>
  </datafield>
  <datafield tag="454" ind1=" " ind2="0">
    <subfield code="1">2001#$aSoftware for Your head$fJim and Michele McCarthy</subfield>
    <subfield code="1">700#1$3RU\NLR\auth\7796091$aMcCarthy$bJ.$c&#x43F;&#x440;&#x43E;&#x433;&#x440;&#x430;&#x43C;&#x43C;&#x438;&#x441;&#x442;$f1951-$gJim$4070</subfield>
    <subfield code="1">701#1$3RU\NLR\auth\7796092$aMcCarthy$bM.$f1967-$gMichele$4070</subfield>
    <subfield code="t">Software for Your head</subfield>
    <subfield code="a">McCarthy, Jim (&#x43F;&#x440;&#x43E;&#x433;&#x440;&#x430;&#x43C;&#x43C;&#x438;&#x441;&#x442; ; 1951-)</subfield>
  </datafield>
  <datafield tag="606" ind1="1" ind2=" ">
    <subfield code="a">&#x413;&#x440;&#x443;&#x43F;&#x43F;&#x43E;&#x432;&#x430;&#x44F; &#x434;&#x435;&#x44F;&#x442;&#x435;&#x43B;&#x44C;&#x43D;&#x43E;&#x441;&#x442;&#x44C;</subfield>
    <subfield code="x">&#x41F;&#x441;&#x438;&#x445;&#x43E;&#x43B;&#x43E;&#x433;&#x43E;-&#x443;&#x43F;&#x440;&#x430;&#x432;&#x43B;&#x435;&#x43D;&#x447;&#x435;&#x441;&#x43A;&#x430;&#x44F; &#x43E;&#x446;&#x435;&#x43D;&#x43A;&#x430;</subfield>
    <subfield code="9">2161074</subfield>
    <subfield code="3">RU\NLR\auth\661300575</subfield>
  </datafield>
  <datafield tag="686" ind1=" " ind2=" ">
    <subfield code="a">&#x421;550.373</subfield>
  </datafield>
  <datafield tag="700" ind1=" " ind2="1">
    <subfield code="4">070</subfield>
    <subfield code="8">rus</subfield>
    <subfield code="7">ca</subfield>
    <subfield code="a">&#x41C;&#x430;&#x43A;&#x43A;&#x430;&#x440;&#x442;&#x438;</subfield>
    <subfield code="b">&#x414;&#x436;.</subfield>
    <subfield code="c">&#x43F;&#x440;&#x43E;&#x433;&#x440;&#x430;&#x43C;&#x43C;&#x438;&#x441;&#x442;</subfield>
    <subfield code="f">1951-</subfield>
    <subfield code="g">&#x414;&#x436;&#x438;&#x43C;</subfield>
    <subfield code="3">RU\NLR\AUTH\7796089</subfield>
    <subfield code="9">79015</subfield>
  </datafield>
  <datafield tag="701" ind1=" " ind2="1">
    <subfield code="4">070</subfield>
    <subfield code="8">rus</subfield>
    <subfield code="7">ca</subfield>
    <subfield code="a">&#x41C;&#x430;&#x43A;&#x43A;&#x430;&#x440;&#x442;&#x438;</subfield>
    <subfield code="b">&#x41C;.</subfield>
    <subfield code="f">1967-</subfield>
    <subfield code="g">&#x41C;&#x438;&#x448;&#x435;&#x43B;&#x44C;</subfield>
    <subfield code="3">RU\NLR\AUTH\7796086</subfield>
    <subfield code="9">79012</subfield>
  </datafield>
  <datafield tag="801" ind1=" " ind2="0">
    <subfield code="a">RU</subfield>
    <subfield code="b">NLR</subfield>
    <subfield code="c">20050505</subfield>
    <subfield code="g">rcr</subfield>
  </datafield>
  <datafield tag="801" ind1=" " ind2="1">
    <subfield code="a">RU</subfield>
    <subfield code="b">NLR</subfield>
    <subfield code="c">20050505</subfield>
  </datafield>
  <datafield tag="942" ind1=" " ind2=" ">
    <subfield code="c">BOOK</subfield>
  </datafield>
  <datafield tag="980" ind1=" " ind2=" ">
    <subfield code="a">NB</subfield>
  </datafield>
  <datafield tag="995" ind1=" " ind2=" ">
    <subfield code="5">2005-05-05</subfield>
    <subfield code="a">ad</subfield>
    <subfield code="b">NLR01</subfield>
    <subfield code="c">NLR01</subfield>
    <subfield code="e">RF3</subfield>
    <subfield code="f">1-511915</subfield>
    <subfield code="k">2005-5/3012</subfield>
    <subfield code="o">0</subfield>
    <subfield code="r">BOOK</subfield>
    <subfield code="s">200553012_</subfield>
  </datafield>
  <datafield tag="995" ind1=" " ind2=" ">
    <subfield code="5">2005-05-05</subfield>
    <subfield code="a">ad</subfield>
    <subfield code="b">NLR01</subfield>
    <subfield code="c">NLR01</subfield>
    <subfield code="e">RF3</subfield>
    <subfield code="f">912432</subfield>
    <subfield code="k">2005-5/3012</subfield>
    <subfield code="o">0</subfield>
    <subfield code="r">BOOK</subfield>
    <subfield code="s">200553012_</subfield>
  </datafield>
</record>
